[Event "16th Dortmund Meeting"]
[Site "Dortmund GER"]
[Date "1988.??.??"]
[Round "7"]
[White "Hort, Vlastimil"]
[Black "Eingorn, Viacheslav"]
[WhiteElo "2590"]
[BlackElo "2570"]
[Result "1-0"]
[EventDate "1988.03.??"]
[PlyCount "87"]

1.e4 c5 2.Nf3 e6 3.d4 cxd4 4.Nxd4 a6 5.Nc3 Qc7 6.Be2 b5 7.f4 Bb7 8.Bf3 Nc6
9.Be3 Rc8 10.Nb3 Na5 11.Nxa5 Qxa5 12.Qd3 Nf6 13.O-O b4 14.Nd1 Qc7 15.Rc1 
Qc4 16.b3 Qxd3 17.cxd3 Rxc1 18.Bxc1 d5 19.Re1 Bc5+ 20.Be3 Bxe3+ 21.Nxe3 
dxe4 22.dxe4 O-O 23.Nc4 Rd8 24.Kf2 h5 25.h3 Rd3 26.Ke2 Rc3 27.Kd2 h4 28.
Re3 Kf8 29.Nd6 Rc7 30.Rd3 Bc6 31.Rd4 Rd7 32.Ke3 a5 33.Nc4 Ra7 34.Rd8+ Ke7 
35.Rc8 Bb5 36.e5 Ne8 37.Kd4 f6 38.Kc5 Bxc4 39.bxc4 Kd7 40.Ra8 Rc7+ 41.Kb5 
g5 42.fxg5 fxe5 43.c5 Ng7 44.Kb6 1-0

[Event "16th Dortmund Meeting"]
[Site "Dortmund GER"]
[Date "1988.??.??"]
[Round "7"]
[White "Kindermann, Stefan"]
[Black "King, Daniel John"]
[WhiteElo "2500"]
[BlackElo "2475"]
[Result "1/2-1/2"]
[EventDate "1988.03.??"]
[PlyCount "59"]

1.e4 c5 2.Nf3 d6 3.d4 cxd4 4.Nxd4 Nf6 5.Nc3 a6 6.f4 Nbd7 7.Be2 e5 8.Nf5 
Nc5 9.Ng3 Qb6 10.Rb1 exf4 11.Bxf4 Ne6 12.Bd2 Nd4 13.Bd3 Be7 14.Nh5 O-O 15.
Nxf6+ Bxf6 16.Nd5 Qd8 17.O-O Be5 18.Qh5 Be6 19.Bg5 f6 20.Be3 b5 21.Kh1 Nc6
22.c3 Ne7 23.Rbd1 Rb8 24.Bc2 a5 25.Bd4 Rb7 26.Bxe5 fxe5 27.Nxe7+ Qxe7 28.
Bb3 Rxf1+ 29.Rxf1 Rb8 30.h3 1/2-1/2

[Event "16th Dortmund Meeting"]
[Site "Dortmund GER"]
[Date "1988.??.??"]
[Round "7"]
[White "Pinter, Jozsef"]
[Black "Hansen, Curt"]
[WhiteElo "2570"]
[BlackElo "2560"]
[Result "1-0"]
[EventDate "1988.03.??"]
[PlyCount "63"]

1.d4 Nf6 2.c4 e6 3.Nf3 c5 4.d5 exd5 5.cxd5 d6 6.Nc3 g6 7.Nd2 Bg7 8.e4 O-O 
9.Be2 Na6 10.O-O Rb8 11.a4 Nb4 12.Nc4 Ne8 13.Bf4 a6 14.Qd2 b6 15.e5 dxe5 
16.Nxe5 Bb7 17.Rad1 Nd6 18.Rfe1 Rc8 19.Bg4 f5 20.Bf3 Bxe5 21.Bxe5 Nc4 22.
Qh6 Nxe5 23.Rxe5 Rf7 24.h4 Nc2 25.Ne2 b5 26.axb5 axb5 27.Qd2 Nd4 28.Nxd4 
cxd4 29.Qf4 Rc2 30.Rde1 Kg7 31.Re8 Qb6 32.h5 1-0

[Event "16th Dortmund Meeting"]
[Site "Dortmund GER"]
[Date "1988.??.??"]
[Round "7"]
[White "Popovic, Petar"]
[Black "Wilder, Michael"]
[WhiteElo "2570"]
[BlackElo "2535"]
[Result "1-0"]
[EventDate "1988.03.??"]
[PlyCount "79"]

1.e4 c5 2.Nf3 d6 3.Nc3 Nc6 4.d4 cxd4 5.Nxd4 Nf6 6.g3 Nxd4 7.Qxd4 g6 8.e5 
dxe5 9.Qxe5 Bg7 10.Bg2 O-O 11.O-O Bf5 12.Qb5 Bxc2 13.Qxb7 Qa5 14.Bf4 Rac8 
15.Qxe7 Rfd8 16.Rac1 Rd7 17.Qe3 Re8 18.Qf3 Bf5 19.h3 h5 20.Rfd1 Rxd1+ 21.
Rxd1 Qb4 22.Rd2 Re1+ 23.Kh2 h4 24.Qa8+ Kh7 25.Qxa7 hxg3+ 26.fxg3 Ra1 27.a3
Qc4 28.Qc7 Qa6 29.Rd6 Qc8 30.Qxc8 Bxc8 31.g4 Be6 32.Rd2 Nd7 33.Ne4 Bh6 34.
Bxh6 Kxh6 35.Kg3 Ne5 36.g5+ Kg7 37.Nf6 Kf8 38.Bd5 Bf5 39.Re2 Rg1+ 40.Kh2 
1-0

[Event "16th Dortmund Meeting"]
[Site "Dortmund GER"]
[Date "1988.??.??"]
[Round "8"]
[White "Hansen, Curt"]
[Black "Eingorn, Viacheslav"]
[WhiteElo "2560"]
[BlackElo "2570"]
[Result "0-1"]
[EventDate "1988.03.??"]
[PlyCount "104"]

1.d4 Nf6 2.c4 e6 3.g3 Bb4+ 4.Bd2 Be7 5.Bg2 d5 6.Nf3 O-O 7.O-O Nbd7 8.Qc2 
c6 9.Bf4 Nh5 10.Bc1 Nhf6 11.Nbd2 b6 12.e4 Bb7 13.e5 Ne8 14.cxd5 cxd5 15.
Re1 Rc8 16.Qd1 Qc7 17.Bf1 Qc2 18.Qxc2 Rxc2 19.Bd3 Rc8 20.Nf1 Nc7 21.Bd2 
Ba6 22.Bc2 Nb8 23.Rac1 Bb5 24.Ne3 Nca6 25.a3 Rc7 26.h4 Rfc8 27.h5 h6 28.
Kg2 Nd7 29.Bb1 Rxc1 30.Bxc1 Nab8 31.Bd2 Nc6 32.Bc3 a5 33.Bd2 Ba6 34.Rc1 
Na7 35.Rxc8+ Nxc8 36.Ne1 Na7 37.f4 Nc6 38.N3c2 Be2 39.Nf3 Bd3 40.Kf2 Bf5 
41.Bc3 b5 42.b3 Nb6 43.Nfe1 a4 44.bxa4 Nxa4 45.Ba1 Na5 46.Ba2 Nc4 47.Bxc4 
bxc4 48.Kf3 Kf8 49.g4 Be4+ 50.Ke2 g6 51.hxg6 fxg6 52.Nb4 h5 0-1

[Event "16th Dortmund Meeting"]
[Site "Dortmund GER"]
[Date "1988.??.??"]
[Round "8"]
[White "King, Daniel John"]
[Black "Lputian, Smbat"]
[WhiteElo "2475"]
[BlackElo "2555"]
[Result "1/2-1/2"]
[EventDate "1988.03.??"]
[PlyCount "92"]

1.e4 e6 2.d4 d5 3.Nc3 Bb4 4.e5 c5 5.a3 Ba5 6.dxc5 Bxc3+ 7.bxc3 Ne7 8.Qg4 
O-O 9.Bd3 Nd7 10.Nf3 f5 11.exf6 Nxf6 12.Qh4 Qc7 13.Bf4 Qxc5 14.Be5 Nf5 15.
Qh3 h6 16.g4 Nd7 17.O-O Nh4 18.Qxh4 Rxf3 19.Bd4 Qd6 20.Be2 Rf8 21.f4 Rxf4 
22.Rxf4 Qxf4 23.Rf1 Qg5 24.Qxg5 hxg5 25.Be3 Ne5 26.Bxg5 Bd7 27.Bf4 Nf7 28.
Be3 Rc8 29.c4 b6 30.cxd5 exd5 31.Bd1 Rc4 32.Rf4 Rc3 33.Bc1 Nd6 34.Rd4 Be6 
35.Rd3 Rc4 36.h3 Bf7 37.Bb2 Rc8 38.Kf2 Ne4+ 39.Kg2 g5 40.Rd4 Kf8 41.Rd3 
Ke7 42.Bd4 Bg6 43.Re3 Kd6 44.c3 Nd2 45.Be2 Rg8 46.h4 gxh4 1/2-1/2

[Event "16th Dortmund Meeting"]
[Site "Dortmund GER"]
[Date "1988.??.??"]
[Round "8"]
[White "Lau, Ralf"]
[Black "Kindermann, Stefan"]
[WhiteElo "2540"]
[BlackElo "2500"]
[Result "1/2-1/2"]
[EventDate "1988.03.??"]
[PlyCount "64"]

1.e4 e6 2.d4 d5 3.Nc3 Nf6 4.Bg5 Be7 5.e5 Nfd7 6.Bxe7 Qxe7 7.f4 O-O 8.Nf3 
c5 9.Qd2 f6 10.exf6 Nxf6 11.dxc5 Qxc5 12.O-O-O Nc6 13.Bd3 Bd7 14.Rhe1 Rae8
15.Kb1 a6 16.Ne5 Nxe5 17.Rxe5 Ng4 18.Rh5 g6 19.Rg5 Nf2 20.Re1 Qd4 21.g3 
Bb5 22.Nxb5 axb5 23.Qe3 Qxe3 24.Rxe3 Nxd3 25.cxd3 Kf7 26.Rge5 Re7 27.a3 h5
28.h3 Ra8 29.g4 hxg4 30.hxg4 Kf6 31.f5 gxf5 32.gxf5 Rae8 1/2-1/2

[Event "16th Dortmund Meeting"]
[Site "Dortmund GER"]
[Date "1988.??.??"]
[Round "8"]
[White "Popovic, Petar"]
[Black "Olafsson, Helgi"]
[WhiteElo "2570"]
[BlackElo "2510"]
[Result "0-1"]
[EventDate "1988.03.??"]
[PlyCount "48"]

1.e4 e5 2.Nf3 Nf6 3.Nxe5 d6 4.Nf3 Nxe4 5.d4 d5 6.Bd3 Bd6 7.O-O O-O 8.c4 c6
9.Nc3 Nxc3 10.bxc3 Bg4 11.a4 dxc4 12.Bxc4 Nd7 13.Rb1 Rb8 14.h3 Bh5 15.Be2 
Re8 16.Be3 Nf6 17.c4 Ne4 18.Qb3 c5 19.Rbd1 Qf6 20.Rfe1 Re7 21.dxc5 Bxc5 
22.Nd4 Nxf2 23.Bxh5 Nxd1 24.Rxd1 Qe5 0-1

[Event "16th Dortmund Meeting"]
[Site "Dortmund GER"]
[Date "1988.??.??"]
[Round "8"]
[White "Wilder, Michael"]
[Black "Pinter, Jozsef"]
[WhiteElo "2535"]
[BlackElo "2570"]
[Result "0-1"]
[EventDate "1988.03.??"]
[PlyCount "98"]

1.d4 Nf6 2.c4 e6 3.Nc3 Bb4 4.Qc2 O-O 5.Nf3 c5 6.dxc5 Na6 7.g3 Nxc5 8.Bg2 
Nce4 9.O-O Nxc3 10.bxc3 Be7 11.Rd1 Qc7 12.Qd3 Rd8 13.Nd4 a6 14.e4 d6 15.
Rb1 Rb8 16.Qe2 Bd7 17.Ba3 Ba4 18.Re1 Bf8 19.f4 Nd7 20.Bb4 Rdc8 21.Bf1 b6 
22.Rb2 b5 23.cxb5 a5 24.Ba3 Qxc3 25.Qe3 Qxe3+ 26.Rxe3 Rc1 27.Ne2 Ra1 28.
Nc3 Nb6 29.Rb1 Rxb1 30.Nxb1 d5 31.Bxf8 Kxf8 32.exd5 exd5 33.Ra3 Rc8 34.Rc3
Rxc3 35.Nxc3 Ke7 36.Kf2 Kd6 37.Ke3 Kc5 38.Kd2 Kb4 39.Bd3 h6 40.h4 f6 41.h5
d4 42.Nxa4 Nxa4 43.Bc2 Nc5 44.a4 Kc4 45.Bd1 Ne4+ 46.Ke1 Kc5 47.g4 d3 48.
Bb3 Kb4 49.Bd5 d2+ 0-1

[Event "16th Dortmund Meeting"]
[Site "Dortmund GER"]
[Date "1988.??.??"]
[Round "9"]
[White "Kindermann, Stefan"]
[Black "Hort, Vlastimil"]
[WhiteElo "2500"]
[BlackElo "2590"]
[Result "1/2-1/2"]
[EventDate "1988.03.??"]
[PlyCount "36"]

1.e4 e6 2.d4 d5 3.Nc3 Bb4 4.e5 Qd7 5.Bd2 b6 6.Nf3 h6 7.Bb5 c6 8.Ba4 Bxc3 
9.Bxc3 a5 10.a3 Ba6 11.b4 axb4 12.Bxb4 Ne7 13.c3 Qa7 14.Bd6 Bc4 15.Bc2 Qa5
16.Bb4 Qa7 17.Bd6 Qa5 18.Bb4 Qa7 1/2-1/2

[Event "16th Dortmund Meeting"]
[Site "Dortmund GER"]
[Date "1988.??.??"]
[Round "9"]
[White "Mainka, Romuald"]
[Black "Hansen, Curt"]
[WhiteElo "2450"]
[BlackElo "2560"]
[Result "0-1"]
[EventDate "1988.03.??"]
[PlyCount "40"]

1.e4 c5 2.Nf3 e6 3.d4 cxd4 4.Nxd4 Nf6 5.Nc3 d6 6.g4 Be7 7.g5 Nfd7 8.Rg1 
Nc6 9.Be3 O-O 10.Rg3 Re8 11.Qh5 a6 12.O-O-O Nxd4 13.Bxd4 b5 14.f4 b4 15.f5
bxc3 16.Bxg7 Kxg7 17.f6+ Kg8 18.e5 Nxe5 19.Bd3 Nxd3+ 20.Rdxd3 Qa5 0-1

[Event "16th Dortmund Meeting"]
[Site "Dortmund GER"]
[Date "1988.??.??"]
[Round "9"]
[White "Olafsson, Helgi"]
[Black "King, Daniel John"]
[WhiteElo "2510"]
[BlackElo "2475"]
[Result "1/2-1/2"]
[EventDate "1988.03.??"]
[PlyCount "36"]

1.c4 e6 2.Nc3 b6 3.d4 Bb4 4.e3 Nf6 5.Ne2 Ba6 6.Ng3 Bxc3+ 7.bxc3 d5 8.Ba3 
Bxc4 9.Bxc4 dxc4 10.Qa4+ Qd7 11.Qxc4 Qc6 12.Qxc6+ Nxc6 13.Ke2 Na5 14.Bb4 
Nc4 15.Kd3 Nb2+ 16.Kc2 Nc4 17.Kd3 Nb2+ 18.Kc2 Nc4 1/2-1/2

[Event "16th Dortmund Meeting"]
[Site "Dortmund GER"]
[Date "1988.??.??"]
[Round "9"]
[White "Pinter, Jozsef"]
[Black "Popovic, Petar"]
[WhiteElo "2570"]
[BlackElo "2570"]
[Result "1/2-1/2"]
[EventDate "1988.03.??"]
[PlyCount "82"]

1.d4 Nf6 2.c4 e6 3.Nf3 b6 4.g3 Ba6 5.b3 Bb4+ 6.Bd2 Be7 7.Nc3 O-O 8.e4 d5 
9.cxd5 Bxf1 10.Kxf1 exd5 11.e5 Ne4 12.Kg2 f5 13.Rc1 Qd7 14.Ne2 c5 15.h4 
Nc6 16.Be3 Rad8 17.Nf4 Rfe8 18.Qe2 cxd4 19.Bxd4 Ba3 20.Rcd1 Qb7 21.Ba1 Bc5
22.Nd3 a5 23.Kh2 h6 24.Rc1 Nb4 25.Nxb4 axb4 26.Nd4 Rxe5 27.f3 Rde8 28.fxe4
Rxe4 29.Qh5 f4 30.Rc2 fxg3+ 31.Kg2 Qd7 32.Nf5 d4 33.Rf1 Qe6 34.Nxg3 Rg4 
35.Rf3 Bd6 36.Rcf2 Qe4 37.Kh3 Rxg3+ 38.Rxg3 Qh1+ 39.Rh2 Qf1+ 40.Rhg2 Qh1+ 
41.Rh2 Qf1+ 1/2-1/2

[Event "16th Dortmund Meeting"]
[Site "Dortmund GER"]
[Date "1988.??.??"]
[Round "9"]
[White "Wilder, Michael"]
[Black "Eingorn, Viacheslav"]
[WhiteElo "2535"]
[BlackElo "2570"]
[Result "0-1"]
[EventDate "1988.03.??"]
[PlyCount "136"]

1.d4 e6 2.c4 Bb4+ 3.Nc3 f5 4.Qc2 Nf6 5.e3 O-O 6.Bd3 d6 7.Ne2 Nc6 8.Bd2 a5 
9.a3 Bxc3 10.Bxc3 Ne7 11.f3 a4 12.O-O Bd7 13.Ng3 Qe8 14.e4 f4 15.Ne2 Nh5 
16.Rac1 Kh8 17.Qd2 Ng6 18.Bb4 Rf6 19.c5 e5 20.cxd6 cxd6 21.d5 Qd8 22.Qe1 
Nf8 23.Qh4 Be8 24.Qf2 b6 25.Nc3 Nd7 26.Bb5 Nc5 27.Bxe8 Qxe8 28.Rc2 Rh6 29.
Rd1 Nf6 30.h3 Nfd7 31.Nb5 Qd8 32.Qe2 g5 33.Kf2 Rg6 34.Rg1 Kg7 35.Ke1 Nf6 
36.Kd1 h5 37.g3 fxg3 38.Rxg3 h4 39.Rg1 Nh5 40.Rg4 Nf6 41.Rg1 Nh5 42.Rg4 
Qd7 43.Bd2 Ng3 44.Qc4 Rf8 45.Rc3 Qe7 46.Kc2 Nh5 47.Kb1 Nf4 48.Qf1 Qd7 49.
Rc2 Rff6 50.Bxf4 Rxf4 51.Rcg2 Rxg4 52.Rxg4 Kh6 53.Nc3 Qf7 54.Rg2 Qf4 55.
Rg4 Qd2 56.Rg2 Qf4 57.Rg4 Qe3 58.Nd1 Qd2 59.Rg2 Nb3 60.Nf2 Rg7 61.Ka2 Nc1+
62.Kb1 Nb3 63.Qg1 Qf4 64.Qd1 Rc7 65.Ng4+ Kg6 66.Rc2 Rxc2 67.Qxc2 Qxf3 68.
Nf2 Qe3 0-1

[Event "16th Dortmund Meeting"]
[Site "Dortmund GER"]
[Date "1988.??.??"]
[Round "10"]
[White "Hansen, Curt"]
[Black "Kindermann, Stefan"]
[WhiteElo "2560"]
[BlackElo "2500"]
[Result "1/2-1/2"]
[EventDate "1988.03.??"]
[PlyCount "83"]

1.c4 Nf6 2.Nf3 c5 3.Nc3 e6 4.d4 cxd4 5.Nxd4 Bb4 6.Bd2 Nc6 7.a3 Be7 8.Bg5 
h6 9.Bh4 Qb6 10.e3 O-O 11.b4 a5 12.c5 Qd8 13.Rb1 axb4 14.axb4 b6 15.Nxc6 
dxc6 16.Qxd8 Rxd8 17.Be2 bxc5 18.bxc5 Bxc5 19.O-O Be7 20.Rfc1 Ba6 21.Bxa6 
Rxa6 22.h3 Ra7 23.Rb6 c5 24.Rc6 g5 25.Bg3 Nd5 26.Nxd5 Rxd5 27.Bc7 Kg7 28.
g4 Rd7 29.Bg3 Ra8 30.Kg2 Kf8 31.Rc2 Rdd8 32.Rc7 Rac8 33.Rb7 Ke8 34.Ra2 Rd7
35.Rxd7 Kxd7 36.Ra7+ Ke8 37.Kf3 c4 38.Ke2 c3 39.Rc7 Rxc7 40.Bxc7 Bf6 41.
Kd3 Kd7 42.Ba5 1/2-1/2

[Event "16th Dortmund Meeting"]
[Site "Dortmund GER"]
[Date "1988.??.??"]
[Round "10"]
[White "Hort, Vlastimil"]
[Black "Lputian, Smbat"]
[WhiteElo "2590"]
[BlackElo "2555"]
[Result "1/2-1/2"]
[EventDate "1988.03.??"]
[PlyCount "46"]

1.e4 e6 2.d4 d5 3.Nc3 Bb4 4.e5 c5 5.a3 Ba5 6.Bd2 cxd4 7.Nb5 Bc7 8.f4 Nh6 
9.Bd3 a6 10.Nxd4 Nc6 11.c3 Nxd4 12.cxd4 Bd7 13.Nf3 Bb5 14.Bxb5+ axb5 15.
Qb3 Qd7 16.Bb4 Bb6 17.Rc1 Nf5 18.Qd3 h5 19.O-O f6 20.Bc5 Ba5 21.g3 Kf7 22.
Kh1 Rac8 23.Nh4 Nxh4 1/2-1/2

[Event "16th Dortmund Meeting"]
[Site "Dortmund GER"]
[Date "1988.??.??"]
[Round "10"]
[White "Lau, Ralf"]
[Black "King, Daniel John"]
[WhiteElo "2540"]
[BlackElo "2475"]
[Result "0-1"]
[EventDate "1988.03.??"]
[PlyCount "83"]

1.e4 c5 2.Nf3 d6 3.d4 cxd4 4.Nxd4 Nf6 5.Nc3 a6 6.g3 e5 7.Nb3 Be7 8.Bg2 O-O
9.O-O Be6 10.a4 Nbd7 11.Nd5 Nxd5 12.exd5 Bf5 13.a5 Rc8 14.c3 Bg5 15.f4 
exf4 16.h4 Bh6 17.Bxf4 Bxf4 18.Rxf4 g6 19.g4 Qxh4 20.Rb4 Ne5 21.gxf5 Qg5 
22.Qc1 Qxf5 23.Qf1 Qg5 24.Qf4 Qe7 25.Rd1 f5 26.Nd4 g5 27.Qf2 f4 28.Ne6 Rf7
29.Re4 Qf6 30.Rdd4 Qg6 31.Rxe5 dxe5 32.Re4 Qf5 33.Re1 f3 34.Bf1 Rf6 35.Re3
Qg4+ 36.Bg2 e4 37.Kh2 Rh6+ 38.Kg1 fxg2 39.Qxg2 Qd1+ 40.Kf2 Rf6+ 41.Kg3 
Qxd5 42.Qxe4 0-1

[Event "16th Dortmund Meeting"]
[Site "Dortmund GER"]
[Date "1988.??.??"]
[Round "10"]
[White "Wilder, Michael"]
[Black "Mainka, Romuald"]
[WhiteElo "2535"]
[BlackElo "2450"]
[Result "0-1"]
[EventDate "1988.03.??"]
[PlyCount "92"]

1.Nf3 Nf6 2.c4 c5 3.g3 b6 4.Bg2 Bb7 5.O-O e6 6.Nc3 d6 7.Re1 a6 8.e4 Qc7 9.
d4 cxd4 10.Nxd4 Be7 11.Be3 Nbd7 12.Rc1 O-O 13.f4 Rfe8 14.g4 Nc5 15.Bf2 Kh8
16.g5 Ng8 17.b4 Nd7 18.Be3 Bf8 19.Bh3 Qd8 20.f5 exf5 21.Nxf5 Ne5 22.Nd5 
Bxd5 23.exd5 Be7 24.Kh1 Bf8 25.Nd4 Ne7 26.a4 Qc7 27.Qb3 N7g6 28.b5 axb5 
29.cxb5 Qa7 30.Ra1 Qb7 31.Nc6 Be7 32.Rf1 Bd8 33.Ra2 f6 34.Nxd8 Raxd8 35.
gxf6 gxf6 36.Rxf6 Nc4 37.Qxc4 Rxe3 38.Be6 Re1+ 39.Rf1 Rxe6 40.Qc6 Re7 41.
Rg2 Rc7 42.Qxb7 Rxb7 43.Rc2 Ne5 44.Rf6 Ra7 45.Rf4 Nd3 46.Rg4 Nc5 0-1

[Event "16th Dortmund Meeting"]
[Site "Dortmund GER"]
[Date "1988.??.??"]
[Round "11"]
[White "Lau, Ralf"]
[Black "Olafsson, Helgi"]
[WhiteElo "2540"]
[BlackElo "2510"]
[Result "0-1"]
[EventDate "1988.03.??"]
[PlyCount "88"]

1.e4 d5 2.exd5 Nf6 3.d4 Nxd5 4.Nf3 Bg4 5.Be2 e6 6.c4 Nb6 7.Nc3 Nc6 8.O-O 
Be7 9.d5 exd5 10.cxd5 Nb4 11.Qd4 Bxf3 12.Bxf3 O-O 13.Qd1 Nc4 14.a3 Na6 15.
Qe2 Nd6 16.b4 Bf6 17.Bb2 Nb8 18.Na4 Nd7 19.Rfe1 Re8 20.Qc2 Bxb2 21.Qxb2 
Qf6 22.Qxf6 Nxf6 23.Nc5 Kf8 24.a4 a5 25.b5 Rxe1+ 26.Rxe1 Re8 27.Rc1 Re7 
28.h4 Nd7 29.Nb3 Nb6 30.Nxa5 Nxa4 31.Kf1 Nb6 32.g3 Ke8 33.Kg2 Kd8 34.Rb1 
Kc8 35.Bg4+ Kb8 36.Bf3 Re5 37.Rb2 Nxd5 38.Nb3 Nb6 39.Nd4 Rc5 40.Rb1 Rc4 
41.Ne2 Na4 42.Nf4 Nc3 43.Rb3 Ncxb5 44.Bd5 Rc5 0-1

[Event "16th Dortmund Meeting"]
[Site "Dortmund GER"]
[Date "1988.??.??"]
[Round "11"]
[White "Mainka, Romuald"]
[Black "Popovic, Petar"]
[WhiteElo "2450"]
[BlackElo "2570"]
[Result "1-0"]
[EventDate "1988.03.??"]
[PlyCount "75"]

1.e4 c5 2.Nf3 d6 3.d4 cxd4 4.Nxd4 Nf6 5.Nc3 Nc6 6.Bg5 a6 7.Qd2 e6 8.O-O-O 
Bd7 9.f4 h6 10.Bh4 g5 11.fxg5 Ng4 12.Nxc6 Bxc6 13.Be2 Ne5 14.g3 Ng6 15.Kb1
h5 16.Qe3 Qe7 17.Rhf1 Bg7 18.Rf2 Kf8 19.Rdf1 Be8 20.Bd1 Be5 21.Ne2 Qc7 22.
Nf4 Bxf4 23.gxf4 Nxh4 24.f5 exf5 25.exf5 Qc5 26.Qf4 Bb5 27.Rg1 Nxf5 28.g6 
fxg6 29.Rxg6 Ke8 30.Qxf5 Qxf5 31.Rxf5 Ke7 32.Bxh5 Rhf8 33.Rg7+ Ke6 34.Rxf8
Rxf8 35.b3 Bc6 36.Bg4+ Kf6 37.Rc7 Kg5 38.Bc8 1-0

[Event "16th Dortmund Meeting"]
[Site "Dortmund GER"]
[Date "1988.??.??"]
[Round "11"]
[White "Pinter, Jozsef"]
[Black "Eingorn, Viacheslav"]
[WhiteElo "2570"]
[BlackElo "2570"]
[Result "1/2-1/2"]
[EventDate "1988.03.??"]
[PlyCount "45"]

1.d4 e6 2.c4 Bb4+ 3.Bd2 a5 4.Nf3 d6 5.g3 Nc6 6.Bg2 e5 7.d5 Bxd2+ 8.Qxd2 
Nb8 9.Nc3 Nh6 10.O-O Na6 11.Ne1 O-O 12.f4 exf4 13.gxf4 f5 14.Nd3 Bd7 15.
Rae1 Qf6 16.e3 b6 17.b3 Kh8 18.Ne2 Nc5 19.Nxc5 bxc5 20.a4 Rfb8 21.Nc1 Re8 
22.Re2 Ng8 23.Na2 1/2-1/2